000 01391nam a2200361 a 4500
001 000115207
003 CHAP
005 20220329144523.0
008 181203s2018 mx a sm |||||||spa d
010 _a111668
011 _a112640
040 _cCHAP
090 _aTesis
100 1 _aSánchez López, Marco Antonio.
_9136197
245 1 0 _aEfecto de los aminoácidos en la producción de jitomate ( Lycopersicum esculentum Mill.) en Chapingo, México /
_h[En línea]
_cpor Marco Antonio Sánchez López.
260 _aChapingo, Méx. :
_bEl autor,
_c2018.
500 _aPara ver el contenido del material haga clic en la liga
502 _aTesis (Ing. Agr. Esp. en Fitotecnia) -- UACH. Departamento de Fitotecnia
590 _aBATCH-UPD
_b10
_c20190619
_lUCH01
_h1201
590 _aE11695DGD
_b10
_c20190619
_lUCH01
_h1200
590 _aE8697GMM
_b05
_c20181203
_lUCH01
_h1435
590 _aE8697GMM
_b05
_c20181203
_lUCH01
_h1437
590 _aE8697GMM
_b05
_c20181204
_lUCH01
_h1439
590 _aE8697GMM
_b05
_c20190507
_lUCH01
_h1004
590 _aE8697GMM
_b05
_c20190517
_lUCH01
_h1442
650 1 4 _aAminoácidos
_xValor nutritivo
_95341
650 1 4 _aCultivos en invernadero
_xRendimiento.
_9134948
650 1 4 _aPlantas
_xDeficiencias nutritivas.
_988812
856 _aFinding aid
_uhttp://10.13.5.2/tesis/sist115207.pdf
_zTeclea aquí
901 _aBK
942 _cTESIS
942 _n0
999 _c111668
_d111668